Unholy land /

Bibliographic Details
Main Author: Tidhar, Lavie (Author)
Format: Book
Language:English
Published: Hornsea, England : PS Publishing, 2018.
Edition:Signed edition.
Subjects:

MARC

Tag First Indicator Second Indicator Subfields
LEADER 00000cam a2200000Ii 4500
001 in00004096049
005 20200811090310.0
008 200316s2018 enkb 000 f eng d
040 |a TXA  |b eng  |e rda  |c TXA 
020 |a 9781786364111 
020 |a 1786364115 
035 |a (OCoLC)1176356037 
090 |a PR9510.9.T53  |b U54 2018 
100 1 |a Tidhar, Lavie,  |e author. 
245 1 0 |a Unholy land /  |c Lavie Tidhar. 
250 |a Signed edition. 
250 |a First PS edition. 
264 1 |a Hornsea, England :  |b PS Publishing,  |c 2018. 
300 |a 224 pages :  |b maps ;  |c 22 cm 
336 |a text  |b txt  |2 rdacontent 
337 |a unmediated  |b n  |2 rdamedia 
338 |a volume  |b nc  |2 rdacarrier 
500 |a "This special signed edition ... is limited to one hundred copies"--Preliminary page. 
500 |a Issued in slipcase. 
500 |a The Cushing Library/Science Fiction copy is [number] 49 and is signed by the author. 
655 7 |a Detective and mystery fiction.  |2 lcgft 
655 7 |a Science fiction.  |2 lcgft 
994 |a C0  |b TXA 
948 |a cataloged  |b h  |c 2020/7/29  |d o  |e nbehmer  |f 4:02:11 pm 
999 f f |s 4f869140-8368-3810-90b1-9c7d1232cf17  |i fcaf7920-e4c0-3b85-9aaf-27abc991073f  |t 0 
952 f f |p noncirc  |a Texas A&M University  |b College Station  |c Cushing Memorial Library & Archives  |d Cushing: Science Fiction (Does not check out)  |t 0  |e PR9510.9.T53 U54 2018  |h Library of Congress classification  |i unmediated -- volume 
998 f f |a PR9510.9.T53 U54 2018  |t 0  |l Cushing: Science Fiction (Does not check out)